000
00330nam a22001457a 4500
003
SGT
020
_a
9788126704632
082
_a
923.154
_b
M02C
100
_a
CHANDRA SHEKHAR
245
_a
MERI JAIL DIARY
260
_a
INDIA
_b
RAJKAMAL PARKASHAN
_c
2002
300
_a
494
650
_a
PRIME MINISTER OF INDIA
942
_2
ddc
_c
BK
999
_c
25954
_d
25954